Welcome to CU Library Online Public Access Catalogue (OPAC)

Applied statistics for business and economics / (Record no. 2176)

MARC details
000 -LEADER
fixed length control field 00802pam a2200265 a 4500
001 - CONTROL NUMBER
control field 1596599
005 - DATE AND TIME OF LATEST TRANSACTION
control field 20241213165745.0
008 - FIXED-LENGTH DATA ELEMENTS--GENERAL INFORMATION
fixed length control field 940511s1995 ilua 001 0 eng
020 ## - INTERNATIONAL STANDARD BOOK NUMBER
International Standard Book Number 0256140227
020 ## - INTERNATIONAL STANDARD BOOK NUMBER
International Standard Book Number 0256176833 (instructor's ed.)
020 ## - INTERNATIONAL STANDARD BOOK NUMBER
International Standard Book Number 9780256140224
050 00 - LIBRARY OF CONGRESS CALL NUMBER
Classification number HF1017
Item number .W433 1995
082 00 - DEWEY DECIMAL CLASSIFICATION NUMBER
Classification number 519.5/02433
Edition information 20
100 1# - MAIN ENTRY--PERSONAL NAME
Personal name Webster, Allen.
245 10 - TITLE STATEMENT
Title Applied statistics for business and economics /
Statement of responsibility, etc. Allen L. Webster.
250 ## - EDITION STATEMENT
Edition statement 2nd ed.
260 ## - PUBLICATION, DISTRIBUTION, ETC.
Place of publication, distribution, etc. Chicago :
Name of publisher, distributor, etc. Irwin,
Date of publication, distribution, etc. c1995.
300 ## - PHYSICAL DESCRIPTION
Extent xxii, 1047 p. :
Other physical details col. ill. ;
Dimensions 26 cm.
440 #4 - SERIES STATEMENT/ADDED ENTRY--TITLE
Title The Irwin series in statistics
500 ## - GENERAL NOTE
General note "Instructor's edition."
500 ## - GENERAL NOTE
General note Includes index.
650 #0 - SUBJECT ADDED ENTRY--TOPICAL TERM
Topical term or geographic name entry element Commercial statistics.
650 #0 - SUBJECT ADDED ENTRY--TOPICAL TERM
Topical term or geographic name entry element Economics
General subdivision Statistical methods.
942 ## - ADDED ENTRY ELEMENTS (KOHA)
Source of classification or shelving scheme Library of Congress Classification
Koha item type Books
Edition 2nd Ed.
Suppress in OPAC No
999 ## -
-- 2176
-- 2176
Holdings
Withdrawn status Lost status Source of classification or shelving scheme Damaged status Not for loan Collection Home library Current library Shelving location Date acquired Total checkouts Full call number Barcode Date last seen Copy number Price effective from Koha item type
    Library of Congress Classification     Non-fiction Business Library (Miotso) Business Library (Miotso) General stacks 12/13/2024   HF1017 .W433 1995 BSSM00000339 12/13/2024 1 12/13/2024 Books
© 2023-2024 Copyright: Central University Libraries. All Rights Reserved | Created by: Mahone Tech Office